000 nam a22 7a 4500
999 _c10308
_d10308
008 180213b ||||| |||| 00| 0 eng d
100 _aSharma, R
_96270
245 _aCOMPUTER FOR YOU BOOK -I
260 _aNew Delhi
_bV PH Publication
_c2012